000
00301nam a22001217a 4500
020
_a
978-0-00-789241-9
082
_a
823
_b
LAN/T
100
_a
LANGLEY, JONATHAN
245
_a
THE THREE BEARS AND GOLDILOCKS
260
_a
THAILAND
_b
HAPPER COLLINS
650
_a
ENGLISH SHORT STORY
_z
THAILAND
942
_c
BK
999
_c
2494
_d
2494